000 00560nam a2200205Ia 4500
005 20230131093132.0
008 131103s9999 xx 000 0 und d
020 _a140440488
040 _aLoreto College
041 _aEnglish
082 _a880
_bPLA
245 _aPlato
_b the republic
_ctranslated with an introduction by Desmound Lee
250 _a2nd. ed.(rev)
260 _aHarmoundworth
_bPenguin Books
_c1987
300 _a470 p.
440 _aPenguin Classics
504 _aIncludes bibliographical references
850 _aLCLIB
942 _cBK
999 _c5538
_d56017